St Thomas Aquinas Football lineup 2016 - Statistics

General Stats
  • This quiz has been taken 4 times
  • The average score is 15 of 34
Answer Stats
Hint Answer % Correct
L Tristan Davis
100%
QB Will Swanson
100%
MLB Zach Goodeyon
100%
CB Alex Henning
50%
LT Alex Man
50%
SS Andy Herbic
50%
RE Anthony Gaona
50%
RT Big Joe
50%
SLB Bo Misenhimer
50%
OLB Cj Stukel
50%
LG Clayton Ginther
50%
MLB Dan Bolig
50%
RB Drew Hicks
50%
FS Jared Flood
50%
R Jayden Russel
50%
TE Joe Clune
50%
K Joe Oleary
50%
CB Kenny Gavin
50%
P Kenny Gavin
50%
L Mason Howard
50%
SS Max Seibolt
50%
DT Omar Tapia
50%
FS Ryan Seibold
50%
CB Sam Wolff
50%
DT Steven Rhode
50%
C Vena
50%
RG Wyatt Kena
50%
X Clayton Effertz
0%
X Jack Morrissey
0%
DT Javier Deritt
0%
OLB Jerome Jurzack
0%
LE Mathew Roberts
0%
CB Sean Dohrty
0%
SLB Spencer Charalton
0%
No matching quizzes found
Score Distribution
Percent of People with Each Score
Percentile by Number Answered
Your Score History
You have not taken this quiz